| 000 | 00674nam a2200265Ia 4500 | ||
|---|---|---|---|
| 008 | 171120s9999 xx 000 0 und d | ||
| 020 | _a9.7897127256e+012 | ||
| 050 | _a920 | ||
| 050 | _bB859 2011 | ||
| 100 | _aBriscoe, Leonor | ||
| 245 | _aBen on Ben : | ||
| 245 | _bConversations with Bienvenido N. Santos / | ||
| 245 | _cby Leonor Briscoe. | ||
| 260 | _aPhilippines : | ||
| 260 | _bAnvil, | ||
| 260 | _c2011 | ||
| 300 | _a210 pages : | ||
| 300 | _billustrations ; | ||
| 300 | _c22cm. | ||
| 650 | _aAuthors, Filipino -- | ||
| 650 | _aSantos, Bienvenido N. -- | ||
| 650 | _x20th century -- Biography. | ||
| 650 | _xInterviews. | ||
| 700 | _aTitle. | ||
| 999 |
_c345268 _d345268 |
||